Nordic U.S. State Flags - Statistics

General Stats
  • This quiz has been taken 333 times
  • The average score is 26 of 50
Answer Stats
Picture Answer % Correct
California
97%
Texas
93%
Maryland
91%
New Mexico
88%
South Carolina
87%
Alaska
84%
Hawaii
80%
Oklahoma
72%
Washington
72%
Florida
71%
Alabama
69%
Wyoming
68%
Louisiana
64%
Rhode Island
61%
Utah
61%
New York
59%
Oregon
59%
Indiana
56%
Arkansas
54%
Colorado
54%
Delaware
53%
Arizona
51%
Tennessee
50%
Georgia
49%
North Carolina
46%
South Dakota
46%
Minnesota
45%
Virginia
43%
Illinois
42%
Massachusetts
42%
Iowa
41%
Kentucky
41%
Michigan
41%
Nevada
41%
Connecticut
37%
Missouri
37%
Pennsylvania
37%
Kansas
34%
Maine
32%
Montana
32%
Vermont
32%
New Hampshire
30%
West Virginia
30%
Nebraska
28%
New Jersey
28%
Wisconsin
27%
North Dakota
26%
Mississippi
25%
Idaho
23%
Ohio
23%
No matching quizzes found
Score Distribution
Percent of People with Each Score
Percentile by Number Answered
Your Score History
You have not taken this quiz